[Event "56th Hull Congress"]
[Site "Hull"]
[Date "2019.11.03"]
[Round "4"]
[Board "6"]
[White "Munshi, Aditya"]
[Black "Ackley, Peter Je"]
[Result "1/2-1/2"]
[WhiteElo "2183"]
[BlackElo "2008"]
[PlyCount "0"]
[EventDate "2019.11.01"]
[EventRounds "5"]
[EventCountry "ENG"]

1. e4 {[%clk 01:30:57]} {[%emt 00:00:02]} g6 {[%clk 01:30:57]} {[%emt
00:00:03]} 2. d4 {[%clk 01:31:21]} {[%emt 00:00:06]} d6 {[%clk 01:31:23]}
{[%emt 00:00:05]} 3. Bc4 {[%clk 01:31:30]} {[%emt 00:00:20]} Bg7 {[%clk
01:31:21]} {[%emt 00:00:32]} 4. Nf3 {[%clk 01:31:20]} {[%emt 00:00:40]} Nf6
{[%clk 01:31:42]} {[%emt 00:00:09]} 5. Qe2 {[%clk 01:31:42]} {[%emt 00:00:08]}
O-O {[%clk 01:32:06]} {[%emt 00:00:07]} 6. e5 {[%clk 01:32:06]} {[%emt
00:00:06]} dxe5 {[%clk 01:32:33]} {[%emt 00:00:04]} 7. dxe5 {[%clk 01:32:30]}
{[%emt 00:00:05]} Nd5 {[%clk 01:33:00]} {[%emt 00:00:04]} 8. O-O {[%clk
01:32:46]} {[%emt 00:00:12]} Bg4 {[%clk 01:27:19]} {[%emt 00:06:11]} 9. Nbd2
{[%clk 01:33:00]} {[%emt 00:00:17]} Nb6 {[%clk 01:27:16]} {[%emt 00:00:32]} 10.
Bd3 {[%clk 01:27:50]} {[%emt 00:05:39]} Nc6 {[%clk 01:27:37]} {[%emt 00:00:10]}
11. h3 {[%clk 01:22:05]} {[%emt 00:06:16]} Nd4 {[%clk 01:27:57]} {[%emt
00:00:09]} 12. Qe3 {[%clk 01:15:45]} {[%emt 00:06:50]} Nxf3+ {[%clk 01:28:12]}
{[%emt 00:00:16]} 13. Nxf3 {[%clk 01:16:01]} {[%emt 00:00:14]} Bxf3 {[%clk
01:28:37]} {[%emt 00:00:04]} 14. Qxf3 {[%clk 01:16:03]} {[%emt 00:00:28]} c6
{[%clk 01:29:03]} {[%emt 00:00:05]} 15. Re1 {[%clk 01:15:22]} {[%emt 00:01:11]}
e6 {[%clk 01:07:19]} {[%emt 00:22:13]} 16. b3 {[%clk 01:08:08]} {[%emt
00:07:45]} Bxe5 {[%clk 01:02:15]} {[%emt 00:05:33]} 17. Rxe5 {[%clk 01:01:27]}
{[%emt 00:07:11]} Qd4 {[%clk 01:01:25]} {[%emt 00:01:20]} 18. Rb1 {[%clk
00:59:30]} {[%emt 00:02:27]} Qxe5 {[%clk 01:01:44]} {[%emt 00:00:10]} 19. Bb2
{[%clk 00:59:30]} {[%emt 00:00:30]} Qg5 {[%clk 01:01:48]} {[%emt 00:00:28]} 20.
g3 {[%clk 00:40:13]} {[%emt 00:19:46]} e5 {[%clk 00:51:23]} {[%emt 00:10:55]}
21. h4 {[%clk 00:35:40]} {[%emt 00:05:03]} Qe7 {[%clk 00:51:04]} {[%emt
00:00:49]} 22. Re1 {[%clk 00:33:53]} {[%emt 00:02:16]} f6 {[%clk 00:29:54]}
{[%emt 00:21:41]} 23. h5 {[%clk 00:29:53]} {[%emt 00:04:30]} g5 {[%clk
00:24:57]} {[%emt 00:05:26]} 24. Qg4 {[%clk 00:19:14]} {[%emt 00:11:09]} Rae8
{[%clk 00:19:49]} {[%emt 00:05:39]} 25. f4 {[%clk 00:12:11]} {[%emt 00:07:33]}
Qc5+ {[%clk 00:20:01]} {[%emt 00:00:18]} 26. Kg2 {[%clk 00:11:49]} {[%emt
00:00:50]} exf4 {[%clk 00:19:59]} {[%emt 00:00:33]} 27. Rxe8 {[%clk 00:08:14]}
{[%emt 00:04:04]} Rxe8 {[%clk 00:20:22]} {[%emt 00:00:08]} 28. Bxf6 {[%clk
00:07:57]} {[%emt 00:00:47]} h6 {[%clk 00:17:53]} {[%emt 00:02:59]} 29. c4
{[%clk 00:01:01]} {[%emt 00:07:27]} Re1 {[%clk 00:13:53]} {[%emt 00:04:29]} 30.
Bf1 {[%clk 00:00:33]} {[%emt 00:00:58]} Qe3 {[%clk 00:12:45]} {[%emt 00:01:38]}
31. gxf4 {[%clk 00:00:35]} {[%emt 00:00:28]} Qd2+ {[%clk 00:09:37]} {[%emt
00:03:39]} 32. Kg1 {[%clk 00:00:54]} {[%emt 00:00:09]} Qxf4 {[%clk 00:09:53]}
{[%emt 00:00:15]} 33. Qxf4 {[%clk 00:01:05]} {[%emt 00:00:19]} gxf4 {[%clk
00:10:17]} {[%emt 00:00:06]} 34. Kf2 {[%clk 00:01:35]} Re3 {[%clk 00:08:32]}
{[%emt 00:02:14]} 35. Be2 {[%clk 00:01:00]} {[%emt 00:01:05]} Nd7 {[%clk
00:06:48]} {[%emt 00:02:15]} 36. Bd4 {[%clk 00:01:22]} {[%emt 00:00:06]} Rg3
{[%clk 00:07:05]} {[%emt 00:00:15]} 37. Bxa7 {[%clk 00:00:33]} {[%emt
00:01:19]} Nf6 {[%clk 00:05:43]} {[%emt 00:01:51]} 38. Bf3 {[%clk 00:00:34]}
{[%emt 00:00:29]} Rg5 {[%clk 00:04:24]} {[%emt 00:01:49]} 39. b4 {[%clk
00:00:32]} {[%emt 00:00:32]} Nxh5 {[%clk 00:04:34]} {[%emt 00:00:20]} 40. Bb8
{[%clk 00:00:34]} {[%emt 00:00:28]} Kg7 {[%clk 00:03:09]} {[%emt 00:01:54]} 41.
a4 {[%clk 00:00:35]} {[%emt 00:00:29]} Nf6 {[%clk 00:02:32]} {[%emt 00:01:08]}
42. b5 {[%clk 00:00:32]} {[%emt 00:00:33]} cxb5 {[%clk 00:02:25]} {[%emt
00:00:37]} 43. cxb5 {[%clk 00:00:32]} {[%emt 00:00:31]} b6 {[%clk 00:02:00]}
{[%emt 00:00:54]} 44. Bxf4 {[%clk 00:00:34]} {[%emt 00:00:28]} Rc5 {[%clk
00:02:10]} {[%emt 00:00:20]} 45. Be3 {[%clk 00:00:34]} {[%emt 00:00:30]} Rc4
{[%clk 00:01:51]} {[%emt 00:00:49]} 46. Bxb6 {[%clk 00:00:35]} {[%emt
00:00:29]} Rxa4 {[%clk 00:02:05]} {[%emt 00:00:16]} 47. Bc7 {[%clk 00:01:05]}
Ne4+ {[%clk 00:01:31]} {[%emt 00:01:03]} 48. Ke3 {[%clk 00:01:08]} {[%emt
00:00:27]} Ng5 {[%clk 00:01:11]} {[%emt 00:00:50]} 49. Bc6 {[%clk 00:00:37]}
{[%emt 00:01:00]} Rb4 {[%clk 00:00:40]} {[%emt 00:01:02]} 50. b6 {[%clk
00:00:40]} {[%emt 00:00:27]} Ne6 {[%clk 00:00:56]} {[%emt 00:00:13]} 51. Be5+
{[%clk 00:00:49]} {[%emt 00:00:23]} Kf7 {[%clk 00:01:08]} {[%emt 00:00:17]} 52.
b7 {[%clk 00:01:06]} {[%emt 00:00:12]} Nd8 {[%clk 00:00:55]} {[%emt 00:00:45]}
53. Bd5+ {[%clk 00:01:05]} {[%emt 00:00:31]} Kg6 {[%clk 00:01:24]} {[%emt
00:00:01]} 54. b8=Q {[%clk 00:00:47]} {[%emt 00:00:47]} Rxb8 {[%clk 00:01:52]}
{[%emt 00:00:02]} 55. Bxb8 {[%clk 00:01:16]} {[%emt 00:00:01]} Nf7 {[%clk
00:02:06]} {[%emt 00:00:16]} 56. Kf4 {[%clk 00:01:41]} {[%emt 00:00:06]} Ng5
{[%clk 00:02:24]} {[%emt 00:00:11]} 57. Be5 {[%clk 00:02:06]} {[%emt 00:00:04]}
Nh3+ {[%clk 00:02:42]} {[%emt 00:00:13]} 58. Kg4 {[%clk 00:02:24]} {[%emt
00:00:11]} Ng5 {[%clk 00:03:03]} {[%emt 00:00:09]} 59. Ba1 {[%clk 00:02:46]}
{[%emt 00:00:09]} h5+ {[%clk 00:02:46]} {[%emt 00:00:47]} 60. Kh4 {[%clk
00:02:43]} {[%emt 00:00:32]} Kh6 {[%clk 00:02:49]} {[%emt 00:00:28]} 61. Bf6
{[%clk 00:02:56]} {[%emt 00:00:16]} Nh7 {[%clk 00:03:05]} {[%emt 00:00:14]} 62.
Bd8 {[%emt 00:02:27]} Nf8 {[%clk 00:03:17]} 63. Bg5+ {[%clk 00:01:34]} {[%emt
00:00:14]} Kg6 {[%clk 00:03:28]} {[%emt 00:00:18]} 64. Be4+ {[%clk 00:02:03]}
{[%emt 00:00:02]} Kf7 {[%clk 00:03:48]} {[%emt 00:00:10]} 65. Bc1 {[%clk
00:02:25]} {[%emt 00:00:09]} Ng6+ {[%clk 00:03:50]} {[%emt 00:00:27]} 66. Kg5
{[%clk 00:02:48]} {[%emt 00:00:06]} Ne7 {[%clk 00:04:10]} {[%emt 00:00:10]} 67.
Ba3 {[%clk 00:02:55]} {[%emt 00:00:24]} Ke6 {[%clk 00:04:18]} {[%emt 00:00:22]}
68. Bb1 {[%clk 00:03:24]} h4 {[%clk 00:04:27]} {[%emt 00:00:21]} 69. Ba2+
{[%clk 00:03:44]} {[%emt 00:00:11]} Kd7 {[%clk 00:04:49]} {[%emt 00:00:07]} 70.
Kf6 {[%clk 00:03:32]} {[%emt 00:00:42]} Nc6 {[%clk 00:04:51]} {[%emt 00:00:28]}
71. Bc5 {[%clk 00:03:31]} {[%emt 00:00:31]} Nd8 {[%clk 00:04:47]} {[%emt
00:00:33]} 72. Bb1 {[%clk 00:02:58]} {[%emt 00:01:04]} Kc6 {[%clk 00:04:49]}
{[%emt 00:00:28]} 73. Be7 {[%clk 00:02:47]} {[%emt 00:00:40]} Nb7 {[%clk
00:05:04]} {[%emt 00:00:16]} 74. Be4+ {[%clk 00:03:12]} {[%emt 00:00:05]} Kb6
{[%clk 00:05:29]} {[%emt 00:00:05]} 75. Bg2 {[%clk 00:03:04]} {[%emt 00:00:38]}
Nc5 {[%clk 00:05:30]} {[%emt 00:00:29]} 76. Kf5 {[%clk 00:02:34]} {[%emt
00:00:59]} Nb3 {[%clk 00:05:19]} {[%emt 00:00:41]} 77. Bxh4 {[%clk 00:02:49]}
{[%emt 00:00:15]} Kc5 {[%clk 00:05:03]} {[%emt 00:00:47]} 78. Ke5 {[%clk
00:03:03]} {[%emt 00:00:16]} Nc1 {[%clk 00:05:06]} {[%emt 00:00:27]} 79. Bf1
{[%clk 00:02:51]} {[%emt 00:00:42]} Nb3 {[%clk 00:05:15]} {[%emt 00:00:22]} 80.
Bg5 {[%clk 00:03:20]} Kc6 {[%clk 00:05:06]} {[%emt 00:00:38]} 81. Bg2+ {[%clk
00:03:28]} {[%emt 00:00:23]} Kc5 {[%clk 00:05:17]} {[%emt 00:00:19]} 82. Bd5
{[%clk 00:03:56]} {[%emt 00:00:02]} Na5 {[%clk 00:05:24]} {[%emt 00:00:22]} 83.
Be3+ {[%clk 00:01:51]} {[%emt 00:02:35]} Kb4 {[%clk 00:05:36]} {[%emt
00:00:18]} 84. Bd2+ {[%clk 00:02:10]} {[%emt 00:00:12]} Kb5 {[%clk 00:05:49]}
{[%emt 00:00:17]} 85. Bg5 {[%clk 00:01:07]} {[%emt 00:01:32]} Kc5 {[%clk
00:05:52]} {[%emt 00:00:28]} 86. Be7+ {[%clk 00:01:23]} {[%emt 00:00:14]} Kb5
{[%clk 00:05:58]} {[%emt 00:00:24]} 87. Bf8 {[%clk 00:01:52]} {[%emt 00:00:01]}
Nc4 {[%clk 00:05:57]} {[%emt 00:00:31]} 88. Kd4 {[%clk 00:02:15]} {[%emt
00:00:07]} Nb6 {[%clk 00:06:08]} {[%emt 00:00:18]} 89. Be6 {[%clk 00:02:45]}
Kc6 {[%clk 00:06:22]} {[%emt 00:00:16]} 90. Bc5 {[%clk 00:02:27]} {[%emt
00:00:47]} Nd7 {[%clk 00:06:32]} {[%emt 00:00:20]} 91. Bd5+ {[%clk 00:02:52]}
{[%emt 00:00:06]} Kc7 {[%clk 00:06:55]} {[%emt 00:00:07]} 92. Bb4 {[%clk
00:02:49]} {[%emt 00:00:32]} Kb6 {[%clk 00:06:12]} {[%emt 00:01:13]} 93. Be6
{[%clk 00:03:07]} {[%emt 00:00:12]} Kb5 {[%clk 00:06:12]} {[%emt 00:00:31]} 94.
Be7 {[%clk 00:03:12]} {[%emt 00:00:24]} Nb6 {[%clk 00:06:14]} {[%emt 00:00:29]}
95. Bf8 {[%clk 00:02:52]} {[%emt 00:00:49]} Kc6 {[%clk 00:06:31]} {[%emt
00:00:14]} 96. Bh6 {[%clk 00:03:06]} {[%emt 00:00:16]} Kb5 {[%clk 00:06:49]}
{[%emt 00:00:12]} 97. Bc1 {[%clk 00:03:30]} {[%emt 00:00:06]} Kc6 {[%clk
00:07:08]} {[%emt 00:00:11]} 98. Bh3 {[%clk 00:03:52]} {[%emt 00:00:08]} Nd7
{[%clk 00:06:46]} {[%emt 00:00:53]} 99. Ba3 {[%clk 00:04:05]} {[%emt 00:00:16]}
Nb6 {[%clk 00:06:53]} {[%emt 00:00:23]} 100. Bg4 {[%clk 00:04:27]} {[%emt
00:00:08]} Nd7 {[%clk 00:07:08]} {[%emt 00:00:14]} 101. Bf3+ {[%clk 00:04:35]}
{[%emt 00:00:22]} Kb5 {[%clk 00:07:25]} {[%emt 00:00:13]} 102. Kd5 {[%clk
00:04:56]} {[%emt 00:00:09]} Nb6 {[%clk 00:07:32]} {[%emt 00:00:23]} 103. Kd4
{[%clk 00:05:17]} {[%emt 00:00:10]} Nd7 {[%clk 00:07:46]} {[%emt 00:00:15]} 104.
Bh5 {[%clk 00:04:58]} {[%emt 00:00:49]} Kc6 {[%clk 00:07:40]} {[%emt 00:00:37]}
105. Be8 {[%clk 00:05:21]} {[%emt 00:00:07]} Kc7 {[%clk 00:08:03]} {[%emt
00:00:07]} 106. Bb4 {[%clk 00:05:23]} {[%emt 00:00:27]} Kc6 {[%clk 00:07:17]}
{[%emt 00:01:17]} 107. Be7 {[%clk 00:03:18]} {[%emt 00:02:34]} Kc7 {[%clk
00:07:33]} {[%emt 00:00:15]} 108. Kd5 {[%clk 00:03:47]} {[%emt 00:00:01]} Nb6+
{[%clk 00:07:32]} {[%emt 00:00:30]} 109. Ke6 {[%clk 00:01:00]} {[%emt
00:03:17]} Nc4 {[%clk 00:06:41]} {[%emt 00:01:21]} 110. Bb5 {[%clk 00:00:45]}
{[%emt 00:00:45]} Na5 {[%clk 00:06:23]} {[%emt 00:00:48]} 111. Kd5 {[%clk
00:00:43]} {[%emt 00:00:32]} Nb7 {[%clk 00:06:00]} {[%emt 00:00:54]} 112. Bb4
{[%clk 00:00:33]} {[%emt 00:00:40]} Kb6 {[%clk 00:06:09]} {[%emt 00:00:20]} 113.
Bf1 {[%clk 00:01:02]} {[%emt 00:00:02]} Kc7 {[%clk 00:06:25]} {[%emt 00:00:14]}
114. Be1 {[%clk 00:01:15]} {[%emt 00:00:17]} Kb6 {[%clk 00:06:31]} {[%emt
00:00:23]} 115. Bf2+ {[%clk 00:01:30]} {[%emt 00:00:15]} Kc7 {[%clk 00:06:44]}
{[%emt 00:00:18]} 116. Bb5 {[%clk 00:00:37]} {[%emt 00:01:23]} Nd8 {[%clk
00:06:36]} {[%emt 00:00:37]} 117. Ba6 {[%clk 00:00:34]} {[%emt 00:00:33]} Nb7
{[%clk 00:06:33]} {[%emt 00:00:33]} 118. Bd4 {[%clk 00:00:34]} {[%emt
00:00:31]} Nd8 {[%clk 00:06:28]} {[%emt 00:00:35]} 119. Bc5 {[%clk 00:00:34]}
{[%emt 00:00:30]} Nb7 {[%clk 00:06:39]} {[%emt 00:00:19]} 120. Ba7 {[%clk
00:00:57]} {[%emt 00:00:07]} Nd8 {[%clk 00:06:34]} {[%emt 00:00:35]} 121. Kc5
{[%clk 00:00:45]} {[%emt 00:00:41]} Ne6+ {[%clk 00:06:38]} {[%emt 00:00:26]}
 1/2-1/2

[Event "56th Hull Congress"]
[Site "Hull"]
[Date "2019.11.03"]
[Round "4"]
[Board "7"]
[White "Han, Yichen"]
[Black "Cooper, John G"]
[Result "1-0"]
[WhiteElo "2191"]
[BlackElo "2083"]
[PlyCount "0"]
[EventDate "2019.11.01"]
[EventRounds "5"]
[EventCountry "ENG"]

1. d4 {[%clk 01:30:57]} {[%emt 00:00:03]} d5 {[%clk 01:30:38]} {[%emt
00:00:22]} 2. Nf3 {[%clk 01:31:16]} {[%emt 00:00:10]} e6 {[%clk 01:29:00]}
{[%emt 00:02:08]} 3. Bf4 {[%clk 01:31:34]} {[%emt 00:00:12]} Nf6 {[%clk
01:28:59]} {[%emt 00:00:31]} 4. e3 {[%clk 01:31:54]} {[%emt 00:00:10]} c5
{[%clk 01:28:15]} {[%emt 00:01:14]} 5. c3 {[%clk 01:32:03]} {[%emt 00:00:21]}
Nc6 {[%clk 01:25:06]} {[%emt 00:03:38]} 6. Nbd2 {[%clk 01:32:17]} {[%emt
00:00:18]} Be7 {[%clk 01:21:16]} {[%emt 00:04:19]} 7. Bd3 {[%clk 01:25:46]}
{[%emt 00:07:01]} Nh5 {[%clk 01:18:04]} {[%emt 00:03:41]} 8. Be5 {[%clk
01:23:49]} {[%emt 00:02:26]} f6 {[%clk 01:05:25]} {[%emt 00:13:11]} 9. Bg3
{[%clk 01:21:33]} {[%emt 00:02:45]} g6 {[%clk 01:02:13]} {[%emt 00:03:41]} 10.
Qe2 {[%clk 01:12:24]} {[%emt 00:09:41]} O-O {[%clk 00:57:04]} {[%emt 00:05:38]}
11. Rd1 {[%clk 01:09:54]} {[%emt 00:03:01]} Nxg3 {[%clk 00:52:23]} {[%emt
00:05:12]} 12. hxg3 {[%clk 01:10:11]} {[%emt 00:00:11]} e5 {[%clk 00:52:26]}
{[%emt 00:00:27]} 13. dxe5 {[%clk 01:08:11]} {[%emt 00:02:31]} fxe5 {[%clk
00:50:38]} {[%emt 00:02:17]} 14. e4 {[%clk 01:05:22]} {[%emt 00:03:20]} d4
{[%clk 00:49:46]} {[%emt 00:01:22]} 15. Bc4+ {[%clk 01:03:47]} {[%emt
00:02:05]} Kg7 {[%clk 00:50:06]} {[%emt 00:00:10]} 16. Bd5 {[%clk 01:03:23]}
{[%emt 00:00:55]} Bg4 {[%clk 00:41:58]} {[%emt 00:08:36]} 17. Nc4 {[%emt
00:05:54]} Bf6 {[%clk 00:37:43]} 18. Ng5 {[%clk 00:52:16]} {[%emt 00:10:58]} h5
{[%clk 00:25:20]} {[%emt 00:12:52]} 19. Qxg4 {[%clk 00:50:07]} {[%emt
00:02:40]} Bxg5 {[%clk 00:25:34]} {[%emt 00:00:16]} 20. Qe6 {[%clk 00:47:17]}
{[%emt 00:03:18]} Rf6 {[%clk 00:25:17]} {[%emt 00:00:49]} 21. Qh3 {[%clk
00:47:33]} {[%emt 00:00:13]} Qe7 {[%clk 00:24:04]} {[%emt 00:01:43]} 22. Nd2
{[%clk 00:42:42]} {[%emt 00:05:21]} Bxd2+ {[%clk 00:20:56]} {[%emt 00:03:39]}
23. Rxd2 {[%clk 00:42:53]} {[%emt 00:00:18]} Rh8 {[%clk 00:20:38]} {[%emt
00:00:48]} 24. Qh4 {[%clk 00:35:58]} {[%emt 00:07:25]} Qc7 {[%clk 00:19:29]}
{[%emt 00:01:40]} 25. Qg5 {[%clk 00:33:47]} {[%emt 00:02:41]} Ne7 {[%clk
00:19:12]} {[%emt 00:00:46]} 26. g4 {[%clk 00:29:43]} {[%emt 00:04:34]} Nxd5
{[%clk 00:16:20]} {[%emt 00:03:23]} 27. exd5 {[%clk 00:29:59]} {[%emt
00:00:13]} Qd6 {[%clk 00:16:11]} {[%emt 00:00:39]} 28. Rxh5 {[%clk 00:26:57]}
{[%emt 00:03:33]} Qxd5 {[%clk 00:09:34]} {[%emt 00:07:06]} 29. f3 {[%clk
00:25:07]} {[%emt 00:02:20]} Re6 {[%clk 00:06:50]} {[%emt 00:03:15]} 30. Rxh8
{[%clk 00:23:00]} {[%emt 00:02:37]} Kxh8 {[%clk 00:07:18]} {[%emt 00:00:01]} 31.
g3 {[%clk 00:22:51]} {[%emt 00:00:38]} Kg8 {[%clk 00:05:46]} {[%emt 00:02:02]}
32. Rh2 {[%clk 00:22:25]} {[%emt 00:00:56]} Qd7 {[%clk 00:02:13]} {[%emt
00:04:05]} 33. Qh4 {[%clk 00:22:16]} {[%emt 00:00:37]} Re7 {[%clk 00:02:35]}
{[%emt 00:00:10]} 34. Qh8+ {[%clk 00:20:45]} {[%emt 00:02:00]} Kf7 {[%clk
00:03:03]} {[%emt 00:00:02]} 35. Rh7+ {[%clk 00:19:48]} {[%emt 00:01:27]} Ke6
{[%clk 00:03:25]} {[%emt 00:00:08]} 36. Qg8+ {[%clk 00:20:10]} {[%emt
00:00:08]} Kf6 {[%clk 00:02:52]} {[%emt 00:01:04]} 37. Qf8+ {[%clk 00:17:30]}
{[%emt 00:03:08]} Ke6 {[%clk 00:03:10]} {[%emt 00:00:13]} 38. Rh6 {[%clk
00:17:12]} {[%emt 00:00:48]} Rg7 {[%clk 00:03:31]} {[%emt 00:00:09]} 39. Qf5+
{[%clk 00:16:57]} {[%emt 00:00:45]} Kd5 {[%clk 00:02:27]} {[%emt 00:01:34]} 40.
Qe4+ {[%clk 00:16:18]} {[%emt 00:01:08]} Kc4 {[%clk 00:02:37]} {[%emt
00:00:21]} 41. Qc2 {[%clk 00:14:13]} {[%emt 00:02:35]} Rh7 {[%clk 00:01:07]}
{[%emt 00:02:01]} 42. Qb3+ {[%clk 00:14:19]} {[%emt 00:00:24]} Kd3 {[%clk
00:01:32]} {[%emt 00:00:05]} 43. c4# {[%clk 00:14:41]}  1-0

[Event "56th Hull Congress"]
[Site "Hull"]
[Date "2019.11.03"]
[Round "4"]
[Board "8"]
[White "Merriman, John"]
[Black "Nandi, Robin J"]
[Result "1-0"]
[WhiteElo "2201"]
[BlackElo "1930"]
[PlyCount "0"]
[EventDate "2019.11.01"]
[EventRounds "5"]
[EventCountry "ENG"]

1. d4 {[%clk 01:18:33]} {[%emt 00:12:25]} Nf6 {[%clk 01:30:12]} {[%emt
00:00:48]} 2. c4 {[%clk 01:18:45]} {[%emt 00:00:18]} e6 {[%clk 01:30:32]}
{[%emt 00:00:11]} 3. Nc3 {[%clk 01:19:10]} {[%emt 00:00:05]} Bb4 {[%clk
01:30:52]} {[%emt 00:00:09]} 4. e3 {[%clk 01:19:30]} {[%emt 00:00:10]} c5
{[%clk 01:30:43]} {[%emt 00:00:39]} 5. Nge2 {[%clk 01:19:42]} {[%emt 00:00:18]}
cxd4 {[%clk 01:29:30]} {[%emt 00:01:44]} 6. exd4 {[%clk 01:20:04]} {[%emt
00:00:08]} O-O {[%clk 01:28:21]} {[%emt 00:01:39]} 7. a3 {[%clk 01:20:07]}
{[%emt 00:00:27]} Bxc3+ {[%clk 01:27:05]} {[%emt 00:01:46]} 8. Nxc3 {[%clk
01:20:28]} {[%emt 00:00:09]} d5 {[%clk 01:27:02]} {[%emt 00:00:33]} 9. Be3
{[%clk 01:19:47]} {[%emt 00:01:11]} b6 {[%clk 01:22:08]} {[%emt 00:05:23]} 10.
cxd5 {[%clk 01:03:45]} {[%emt 00:16:33]} Nxd5 {[%clk 01:21:23]} {[%emt
00:01:15]} 11. Bd3 {[%clk 01:02:29]} {[%emt 00:01:46]} Bb7 {[%clk 01:16:26]}
{[%emt 00:05:27]} 12. O-O {[%clk 01:02:00]} {[%emt 00:00:59]} Nxe3 {[%clk
01:11:22]} {[%emt 00:05:35]} 13. fxe3 {[%clk 01:02:25]} {[%emt 00:00:05]} Qg5
{[%clk 01:11:40]} {[%emt 00:00:11]} 14. Qe2 {[%clk 01:00:27]} {[%emt 00:02:28]}
Nd7 {[%clk 01:04:37]} {[%emt 00:07:33]} 15. Ne4 {[%clk 00:58:30]} {[%emt
00:02:27]} Qe7 {[%clk 00:53:41]} {[%emt 00:11:26]} 16. Qh5 {[%clk 00:55:50]}
{[%emt 00:03:09]} f5 {[%clk 00:49:20]} {[%emt 00:04:51]} 17. Ng5 {[%clk
00:52:55]} {[%emt 00:03:26]} h6 {[%clk 00:42:04]} {[%emt 00:07:46]} 18. Nf3
{[%clk 00:52:18]} {[%emt 00:01:07]} Nf6 {[%clk 00:40:52]} {[%emt 00:01:42]} 19.
Qh4 {[%clk 00:49:08]} {[%emt 00:03:40]} Qd6 {[%clk 00:39:07]} {[%emt 00:02:15]}
20. Ne5 {[%clk 00:40:02]} {[%emt 00:09:36]} Rac8 {[%clk 00:33:53]} {[%emt
00:05:44]} 21. Rac1 {[%clk 00:37:59]} {[%emt 00:02:33]} Qd5 {[%clk 00:29:02]}
{[%emt 00:05:21]} 22. Qf2 {[%clk 00:37:53]} {[%emt 00:00:35]} Ne4 {[%clk
00:27:49]} {[%emt 00:01:44]} 23. Qe2 {[%clk 00:37:29]} {[%emt 00:00:53]} Nd6
{[%clk 00:21:46]} {[%emt 00:06:34]} 24. Ng6 {[%clk 00:34:46]} {[%emt 00:03:13]}
Rfe8 {[%clk 00:20:31]} {[%emt 00:01:44]} 25. Rxc8 {[%clk 00:34:50]} {[%emt
00:00:27]} Nxc8 {[%clk 00:20:27]} {[%emt 00:00:33]} 26. Bc4 {[%clk 00:26:36]}
{[%emt 00:08:45]} Qe4 {[%clk 00:18:47]} {[%emt 00:02:10]} 27. Bd3 {[%clk
00:22:58]} {[%emt 00:04:08]} Qd5 {[%clk 00:18:19]} {[%emt 00:00:57]} 28. Rxf5
{[%clk 00:19:55]} {[%emt 00:03:34]} Qxg2+ {[%clk 00:13:39]} {[%emt 00:05:10]}
29. Qxg2 {[%clk 00:20:20]} {[%emt 00:00:04]} Bxg2 {[%clk 00:13:57]} {[%emt
00:00:13]} 30. Re5 {[%clk 00:20:21]} {[%emt 00:00:29]} Bc6 {[%clk 00:10:50]}
{[%emt 00:03:37]} 31. Nf4 {[%clk 00:14:19]} {[%emt 00:06:33]} Nd6 {[%clk
00:09:31]} {[%emt 00:01:48]} 32. Rxe6 {[%clk 00:13:34]} {[%emt 00:01:14]} Rxe6
{[%clk 00:09:44]} {[%emt 00:00:18]} 33. Nxe6 {[%clk 00:14:01]} {[%emt
00:00:03]} g5 {[%clk 00:07:55]} {[%emt 00:02:20]} 34. Kf2 {[%clk 00:12:15]}
{[%emt 00:02:15]} Bd5 {[%clk 00:06:11]} {[%emt 00:02:13]} 35. Nc7 {[%clk
00:12:30]} {[%emt 00:00:16]} Bc4 {[%clk 00:06:32]} {[%emt 00:00:10]} 36. Bc2
{[%clk 00:10:49]} {[%emt 00:02:11]} Kf8 {[%clk 00:05:42]} {[%emt 00:01:20]} 37.
b3 {[%clk 00:09:23]} {[%emt 00:01:55]} Bf7 {[%clk 00:05:37]} {[%emt 00:00:35]}
38. e4 {[%clk 00:07:39]} {[%emt 00:02:15]} Ke7 {[%clk 00:03:35]} {[%emt
00:02:31]} 39. e5 {[%clk 00:07:37]} {[%emt 00:00:33]} Nb7 {[%clk 00:03:01]}
{[%emt 00:01:03]} 40. Nb5 {[%clk 00:06:22]} {[%emt 00:01:45]} a5 {[%clk
00:02:47]} {[%emt 00:00:44]} 41. Nc3 {[%clk 00:06:22]} {[%emt 00:00:29]} Be8
{[%clk 00:01:39]} {[%emt 00:01:38]} 42. Nd5+ {[%clk 00:06:10]} {[%emt
00:00:43]}  1-0